La coordinación del transporte mecánico por carretera con el ferrocaril (Record no. 47298)

MARC details
000 -LEADER
campo de control de longitud fija 00506nam a2200145 i 4500
001 - NÚMERO DE CONTROL
campo de control 47298
003 - IDENTIFICADOR DE NÚMERO DE CONTROL
campo de control ES-MaACL
005 - FECHA Y HORA DE LA ÚLTIMA TRANSACCIÓN
campo de control 20230906161533.0
007 - CAMPO FIJO DE DESCRIPCIÓN FÍSICA--INFORMACIÓN GENERAL
campo de control de longitud fija t|
008 - DATOS DE LONGITUD FIJA--INFORMACIÓN GENERAL
campo de control de longitud fija 030407s1931 sp ||||1| spa d
245 03 - MENCIÓN DEL TÍTULO
Título La coordinación del transporte mecánico por carretera con el ferrocaril
Resto del título : comentario al proyecto de ley sobre el servicio público de transportes por carretera.
260 ## - PUBLICACIÓN, DISTRIBUCIÓN, ETC.
Lugar de publicación, distribución, etc. Madrid :
Nombre del editor, distribuidor, etc. [s.n.,
Fecha de publicación, distribución, etc. 1931] (
Fabricante Gráfica Administrativa)
300 ## - DESCRIPCIÓN FÍSICA
Extensión 93 p. ;
Dimensiones 26 cm.
852 ## - LOCALIZACIÓN
Ubicación ES-MaACL
Número de control de estantería A-698
Holdings
Estatus retirado Estado de pérdida Estado de daño No para préstamo Biblioteca de origen Biblioteca actual Ubicación en estantería Fecha de adquisición Fuente de adquisición Total de préstamos Signatura topográfica completa Código de barras Visto por última vez Precio de reemplazo Tipo de ítem Koha
        Biblioteca del Ateneo de Madrid Biblioteca del Ateneo de Madrid Sala Pecera Planta 1 17/01/2008     A-698 1049744 23/02/2023 23/02/2023 Libro impreso